000 00866nam a2200229 a 4500
001 44087
003 BD-RjUL
005 20211209053810.0
008 160713s1969 ii ||||| |||| 00| 0 ben d
020 _c: IRs. 8.00
035 _a(BD-RjUL)44205
040 _aBD-RjUL
_bben
_cBD-RjUL
041 _aben
082 _223
_a891.4414
_bGHK 1969
100 _aঘোষ, শঙ্খ.
_9126014
245 1 0 _aকালের মাত্রা ও রবীন্দ্র নাটক /
_cশঙ্খ ঘোষ
260 _a কলিকাতা :
_bসংস্কৃত পুস্তক ভান্ডার,
_c১৯৬৯
300 _a১৬৯ পৃ. ;
_c২১ সেমি.
600 _aঠাকুর, রবীন্দ্রনাথ, ১৮৬১-১৯৪১
_9135378
600 _aTagore, Robindronathe, 1861-1941
_9126013
942 _2ddc
_cBK
999 _c44087
_d44087